000 00426cam a2200181ua 4500
020 _c3.50
041 _ahin
_h
082 _a891.54
_bGUL/HI
100 _aGulab, Ray .
245 _aHindi sahitya ka subod itihas /
_cGulab Ray.
_hTextual Documents
250 _a18 /
_b.
260 _a :
_bSahitya ratna bhandar ,
_c1962.
300 _a350.
365 _a3.50
504 _a
942 _cBK
999 _c6375
_d6375